Times President of Year - Statistics

General Stats
  • This quiz has been taken 15 times
  • The average score is 22 of 24
Answer Stats
Year President % Correct
2008 Barack Obama
100%
2012 Barack Obama
100%
1932 Franklin D. Roosevelt
100%
1934 Franklin D. Roosevelt
100%
1941 Franklin D. Roosevelt
100%
1990 George H. W. Bush
100%
2000 George W. Bush
100%
2004 George W. Bush
100%
1992 Bill Clinton
92%
1998 Bill Clinton
92%
2016 Donald Trump
92%
1944 Dwight D. Eisenhower
92%
1959 Dwight D. Eisenhower
92%
1945 Harry S. Truman
92%
1948 Harry S. Truman
92%
2020 Joe Biden
92%
1971 Richard Nixon
92%
1972 Richard Nixon
92%
1980 Ronald Reagan
92%
1983 Ronald Reagan
92%
1976 Jimmy Carter
85%
1961 John F. Kennedy
85%
1964 Lyndon B. Johnson
77%
1967 Lyndon B. Johnson
77%
No matching quizzes found
Score Distribution
Percent of People with Each Score
Percentile by Number Answered
Your Score History
You have not taken this quiz